[Event "interzonal (w)"]
[Site "Jakarta INA"]
[Date "1993.??.??"]
[Round "5"]
[White "Peng Zhaoqin"]
[Black "Shumiakina, Tatiana"]
[Result "1/2-1/2"]
[WhiteElo "2335"]
[BlackElo "2320"]
[EventDate "1993.07.??"]
[PlyCount "84"]

1.d4 d5 2.c4 c6 3.Nf3 e6 4.e3 f5 5.Be2 Nf6 6.O-O Bd6 7.Nc3 O-O 8.Ne5 b6 9.
Qc2 Bb7 10.cxd5 cxd5 11.Nb5 a6 12.Nxd6 Qxd6 13.Bd2 Ne4 14.Rfc1 Nxd2 15.
Qxd2 Nc6 16.f4 Rfc8 17.Rc3 Nxe5 18.dxe5 Qe7 19.Rac1 Rxc3 20.Rxc3 Rc8 21.b4
Qd7 22.Kf2 Qd8 23.g3 g6 24.Qd4 Rxc3 25.Qxc3 Kf7 26.Ke1 Qc8 27.Qxc8 Bxc8 
28.g4 Ke7 29.gxf5 gxf5 30.Kd2 Kd8 31.Kc3 Kc7 32.Kd4 Kc6 33.a4 Kb7 34.h4 
Bd7 35.a5 Be8 36.Bd1 h6 37.Be2 Ka7 38.Bf3 Kb7 39.Bd1 Kc7 40.Be2 Kb7 41.Bf3
Kc7 42.Bd1 Kc6 1/2-1/2

[Event "interzonal (w)"]
[Site "Jakarta INA"]
[Date "1993.??.??"]
[Round "5"]
[White "Qin Kanying"]
[Black "Sofieva, Ainur"]
[Result "1-0"]
[WhiteElo "2410"]
[BlackElo "2390"]
[EventDate "1993.07.??"]
[PlyCount "191"]

1.e4 e5 2.Nf3 Nc6 3.Bb5 a6 4.Ba4 Nf6 5.O-O Be7 6.Re1 b5 7.Bb3 O-O 8.c3 d6 
9.h3 Na5 10.Bc2 c5 11.d4 Qc7 12.Nbd2 cxd4 13.cxd4 Nc6 14.Nb3 a5 15.Be3 a4 
16.Nbd2 Bd7 17.Rc1 Qb7 18.a3 Rfe8 19.Bd3 g6 20.Qe2 Rab8 21.Rc3 b4 22.Rcc1 
exd4 23.Nxd4 d5 24.Ba6 Qa8 25.Nxc6 Bxc6 26.e5 Nd7 27.Bf4 Bf8 28.Nf3 Rb6 
29.Bd3 bxa3 30.bxa3 Bxa3 31.Rc2 Nf8 32.Be3 Rbb8 33.Nd4 Bd7 34.f4 Bb4 35.
Rf1 a3 36.Qf2 Ba4 37.f5 Rb7 38.Re2 Rxe5 39.Qf4 Qe8 40.Nf3 f6 41.fxg6 Nxg6 
42.Bxg6 hxg6 43.Nxe5 fxe5 44.Qg4 Bd7 45.Qf3 Be6 46.Qf6 Bc3 47.Bf4 Bd4+ 48.
Kh2 Qf7 49.Bg3 Qxf6 50.Rxf6 Rb2 51.Re1 Bf5 52.Ra6 Be4 53.h4 a2 54.Kh3 Bf5+
55.Kh2 Be4 56.Kh3 Bc3 57.Re3 Bf5+ 58.Kh2 Bd4 59.Bxe5 Bxe5+ 60.Rxe5 Be4 61.
Re7 Rxg2+ 62.Kh3 Rf2 63.Ra8+ Rf8 64.Rxa2 Rf7 65.Raa7 Rxe7 66.Rxe7 Kh8 67.
Kg4 Kg8 68.Kg5 Kf8 69.Rc7 Kg8 70.Kf6 Kh8 71.Rg7 Bc2 72.Kf7 Be4 73.Kf8 Bd3 
74.Re7 Be4 75.Rd7 Bb1 76.Rxd5 Bc2 77.Rd7 Bb1 78.Rg7 Bc2 79.Kf7 Bb1 80.Kf6 
Bc2 81.Rc7 Bb1 82.Kg5 Kg8 83.Kh6 Bd3 84.Rg7+ Kf8 85.Rd7 Bb1 86.Rd1 Bc2 87.
Rf1+ Kg8 88.Rg1 Kf8 89.Rg5 Kf7 90.Kh7 Bb1 91.Rg1 Bd3 92.Rd1 Bc2 93.Rf1+ 
Ke6 94.Kg7 Bd3 95.Re1+ Kf5 96.Rg1 1-0

[Event "interzonal (w)"]
[Site "Jakarta INA"]
[Date "1993.??.??"]
[Round "5"]
[White "Safranska, Anda"]
[Black "Jurgens, Vera"]
[Result "1-0"]
[WhiteElo "2290"]
[BlackElo "2350"]
[EventDate "1993.07.??"]
[PlyCount "89"]

1.e4 e5 2.Nf3 Nc6 3.Bb5 g6 4.d4 exd4 5.Bg5 Be7 6.Bxe7 Ngxe7 7.Nxd4 O-O 8.
Nc3 a6 9.Bc4 b5 10.Bb3 Na5 11.Nde2 Nxb3 12.axb3 Bb7 13.Qd4 d6 14.O-O-O Nc6
15.Qe3 Nb4 16.h4 Qe7 17.h5 Rae8 18.Qd4 Qg5+ 19.Kb1 Nc6 20.Qd5 Re5 21.Qd2 
Qxd2 22.Rxd2 Ne7 23.hxg6 hxg6 24.f4 Re6 25.Nd4 Rf6 26.g3 Re8 27.Nf3 Nf5 
28.Rdh2 Kf8 29.exf5 Re3 30.Rh8+ Ke7 31.Re1 Rxe1+ 32.Nxe1 Rxf5 33.b4 g5 34.
Rh5 Kf6 35.Nd3 gxf4 36.Rxf5+ Kxf5 37.gxf4 Bg2 38.Kc1 c5 39.bxc5 dxc5 40.
Nxc5 Kxf4 41.Nxa6 Bf1 42.Nc7 f5 43.Kd2 Kg3 44.N7xb5 f4 45.Nd4 1-0

[Event "interzonal (w)"]
[Site "Jakarta INA"]
[Date "1993.??.??"]
[Round "5"]
[White "Tverskaya, Julia"]
[Black "Lelchuk, Zoya"]
[Result "1-0"]
[WhiteElo "2090"]
[BlackElo "2340"]
[EventDate "1993.07.??"]
[PlyCount "85"]

1.e4 e5 2.Nf3 Nf6 3.Nxe5 d6 4.Nf3 Nxe4 5.d4 d5 6.Bd3 Bd6 7.O-O O-O 8.c4 c6
9.cxd5 cxd5 10.Nc3 Nxc3 11.bxc3 Bg4 12.Rb1 Nd7 13.h3 Bh5 14.Rb5 Nb6 15.c4 
Bxf3 16.Qxf3 dxc4 17.Bc2 Qd7 18.a4 Rab8 19.Bg5 f6 20.Be3 g6 21.Rfb1 Rf7 
22.a5 Nc8 23.Be4 Ne7 24.Bf4 Bxf4 25.Qxf4 Rd8 26.d5 Qd6 27.Qc1 Qe5 28.Bf3 
c3 29.Rxb7 Rc8 30.Rxa7 Nxd5 31.Rxf7 Kxf7 32.Rb5 Rd8 33.Rxd5 Rxd5 34.Bxd5+ 
Qxd5 35.Qxc3 g5 36.Qc7+ Kg6 37.a6 g4 38.a7 gxh3 39.Qg3+ Kf7 40.Qf3 h2+ 41.
Kxh2 Qd2 42.a8=Q Qh6+ 43.Kg3 1-0

[Event "interzonal (w)"]
[Site "Jakarta INA"]
[Date "1993.??.??"]
[Round "5"]
[White "Uskova, Fliura"]
[Black "Demina, Yulia"]
[Result "1/2-1/2"]
[WhiteElo "2260"]
[BlackElo "2365"]
[EventDate "1993.07.??"]
[PlyCount "47"]

1.e4 c5 2.Nf3 e6 3.d3 d5 4.Nbd2 Nc6 5.g3 g6 6.Bg2 Bg7 7.O-O Nge7 8.exd5 
exd5 9.Nb3 b6 10.c3 O-O 11.d4 c4 12.Nbd2 Bf5 13.Re1 Rc8 14.Nf1 Qd7 15.Bf4 
h6 16.Ne5 Nxe5 17.Bxe5 Rfe8 18.Bxg7 Kxg7 19.Re5 f6 20.Re3 h5 21.Qd2 Bh3 
22.Bxh3 Qxh3 23.Rae1 Qd7 24.Qe2 1/2-1/2

[Event "interzonal (w)"]
[Site "Jakarta INA"]
[Date "1993.??.??"]
[Round "5"]
[White "Voiska, Margarita"]
[Black "Botsari, Anna-Maria"]
[Result "0-1"]
[WhiteElo "2345"]
[BlackElo "2245"]
[EventDate "1993.07.??"]
[PlyCount "162"]

1.c4 Nf6 2.Nc3 c6 3.e4 e5 4.Nf3 Qa5 5.Be2 Bb4 6.O-O O-O 7.a3 Bxc3 8.dxc3 
Re8 9.Qc2 d5 10.cxd5 cxd5 11.exd5 e4 12.Nd4 Qxd5 13.Bf4 Bg4 14.Nb5 Bxe2 
15.Qxe2 Na6 16.Nd6 Re6 17.Rad1 Qb3 18.Qb5 Qxb5 19.Nxb5 Rb6 20.c4 Rc6 21.
Nxa7 Rxc4 22.b4 Nc7 23.Rc1 Rxc1 24.Rxc1 Ne6 25.Bd6 Nd4 26.Kf1 Ne8 27.Be5 
Nb3 28.Rc3 Nd2+ 29.Ke2 Nb1 30.Rb3 Rxa7 31.Rxb1 Rxa3 32.Rd1 f6 33.Bg3 Ra6 
34.Ke3 Rb6 35.Rd4 f5 36.Be5 Kf7 37.f3 exf3 38.gxf3 Nf6 39.Bxf6 Kxf6 40.h4 
g6 41.Rc4 Ke5 42.Rc5+ Kd6 43.Rc4 Rc6 44.Rd4+ Ke6 45.Kf4 h6 46.b5 Rb6 47.
Rb4 Kf6 48.Ke3 Ke5 49.Rb1 f4+ 50.Kd3 Kd5 51.Kc3 Kc5 52.Kd3 Re6 53.Rg1 Kxb5
54.Kd4 Rc6 55.Rb1+ Ka6 56.Kd5 g5 57.hxg5 hxg5 58.Rg1 Kb6 59.Rb1+ Kc7 60.
Kd4 Rb6 61.Rh1 Rb3 62.Rh5 Rxf3 63.Rxg5 Kb6 64.Rf5 Ra3 65.Kc4 Ra4+ 66.Kb3 
Re4 67.Kc3 Ka6 68.Kd3 Ra4 69.Kc3 b5 70.Rf8 Rc4+ 71.Kb3 Re4 72.Kc3 Ka5 73.
Ra8+ Kb6 74.Rf8 Rc4+ 75.Kb3 Rd4 76.Kc3 Re4 77.Rf7 Rc4+ 78.Kb3 Kc5 79.Rf5+ 
Kc6 80.Kb2 b4 81.Kb3 Rd4 0-1

[Event "interzonal (w)"]
[Site "Jakarta INA"]
[Date "1993.??.??"]
[Round "6"]
[White "Foisor, Cristina"]
[Black "Holoubkova, Martina"]
[Result "1-0"]
[WhiteElo "2360"]
[BlackElo "2235"]
[EventDate "1993.07.??"]
[PlyCount "63"]

1.c4 g6 2.g3 Bg7 3.Bg2 e6 4.Nf3 Ne7 5.O-O O-O 6.d4 d5 7.Nc3 Nbc6 8.e3 Nf5 
9.Qe2 Re8 10.Rd1 Nce7 11.Rb1 b6 12.Ne5 Bb7 13.Nd3 Qc8 14.c5 f6 15.b4 e5 
16.dxe5 fxe5 17.Ne1 e4 18.Bb2 bxc5 19.bxc5 Ba6 20.Qd2 c6 21.Ne2 Bc4 22.
Bxg7 Nxg7 23.Nd4 Rf8 24.Rb2 Qg4 25.Rdb1 Rf6 26.Rb8+ Rxb8 27.Rxb8+ Nc8 28.
h3 Qd7 29.Qb2 Rf8 30.Rb7 Qe8 31.Rxg7+ Kxg7 32.Nf5+ 1-0

[Event "interzonal (w)"]
[Site "Jakarta INA"]
[Date "1993.??.??"]
[Round "6"]
[White "Galliamova-Ivanchuk, Alisa"]
[Black "Qin Kanying"]
[Result "1-0"]
[WhiteElo "2435"]
[BlackElo "2410"]
[EventDate "1993.07.??"]
[PlyCount "95"]

1.d4 Nf6 2.c4 g6 3.Nc3 d5 4.Nf3 Bg7 5.Qb3 dxc4 6.Qxc4 O-O 7.e4 a6 8.e5 b5 
9.Qb3 Nfd7 10.Be3 c5 11.Qd5 Ra7 12.dxc5 Bb7 13.Qd1 Bxf3 14.Qxf3 Nxe5 15.
Qe4 Rd7 16.Be2 f5 17.Qh4 Nbc6 18.O-O Nd4 19.Bd1 Nd3 20.a4 b4 21.c6 Rd6 22.
Ne2 Nxc6 23.Bb3+ Kh8 24.Rad1 Na5 25.Rxd3 Rxd3 26.Nf4 Nxb3 27.Nxg6+ Kg8 28.
Nxe7+ Kf7 29.Bg5 Qd4 30.Qxh7 Ke8 31.Qg6+ Rf7 32.Nxf5 Qd5 33.Nxg7+ Kd7 34.
Bh4 Nd4 35.Nh5 Ne2+ 36.Kh1 Rd1 37.Qg4+ Kc7 38.Qxe2 Rxf1+ 39.Qxf1 Qxh5 40.
Bg3+ Kb6 41.h4 Ka5 42.b3 Qd5 43.Qb1 Rd7 44.Kh2 Kb6 45.Qg6+ Kb7 46.Qe8 a5 
47.Qb8+ Kc6 48.f3 1-0

[Event "interzonal (w)"]
[Site "Jakarta INA"]
[Date "1993.??.??"]
[Round "6"]
[White "Johansson, Viktoria"]
[Black "Levitan, Yuliya"]
[Result "1/2-1/2"]
[WhiteElo "2155"]
[BlackElo "2270"]
[EventDate "1993.07.??"]
[PlyCount "67"]

1.d4 Nf6 2.c4 g6 3.Nc3 Bg7 4.e4 d6 5.Nge2 O-O 6.Ng3 c6 7.Be2 e5 8.d5 c5 9.
Be3 a6 10.a4 Bd7 11.O-O h5 12.Bg5 Qc8 13.Qd2 Re8 14.f4 Nh7 15.f5 Nxg5 16.
Qxg5 Qd8 17.f6 Kh7 18.Nxh5 Bh6 19.Qh4 Rh8 20.Ng7 Kg8 21.Qf2 Rh7 22.Nd1 Bf4
23.g3 Bh6 24.Ne3 Bh3 25.Rfe1 Bxg7 26.fxg7 Kxg7 27.Bg4 Bxg4 28.Nxg4 Nd7 29.
Rf1 Qe7 30.Ra3 Rf8 31.Rf3 Rh5 32.Qe2 Qg5 33.Ne3 Rh6 34.Ng4 1/2-1/2

[Event "interzonal (w)"]
[Site "Jakarta INA"]
[Date "1993.??.??"]
[Round "6"]
[White "Lelchuk, Zoya"]
[Black "Sulistya, Maria Lucia Ratna"]
[Result "1/2-1/2"]
[WhiteElo "2340"]
[BlackElo "2190"]
[EventDate "1993.07.??"]
[PlyCount "101"]

1.Nf3 b5 2.e4 Bb7 3.Bxb5 Bxe4 4.O-O e6 5.d4 Nf6 6.Be2 c5 7.c4 Nc6 8.dxc5 
Bxc5 9.Nc3 Bg6 10.Bg5 O-O 11.a3 Be7 12.b4 d5 13.Qa4 Ne4 14.Nxe4 dxe4 15.
Bxe7 Qxe7 16.Qxc6 Rac8 17.Qb5 exf3 18.Bxf3 Bd3 19.Rfc1 Qf6 20.Qd7 Rfd8 21.
Qxa7 Rxc4 22.Qe3 Rdc8 23.Re1 Rc3 24.Qe5 Qxe5 25.Rxe5 Rxa3 26.Rd1 g6 27.b5 
Rb3 28.Re3 Bc2 29.Rxb3 Bxb3 30.Rb1 Bd5 31.Bxd5 exd5 32.Kf1 Kf8 33.Ke2 Ke7 
34.Kd3 Kd6 35.b6 Rb8 36.Kd4 Rb7 37.g4 h6 38.Rb3 Kc6 39.Rf3 Re7 40.Rf6+ Re6
41.Rxf7 Re4+ 42.Kd3 Rxg4 43.f3 Rb4 44.Rf6+ Kc5 45.Rxg6 Rb3+ 46.Kc2 Rxb6 
47.Rxb6 Kxb6 48.Kd3 Kc5 49.f4 Kd6 50.Kd4 Ke6 51.f5+ 1/2-1/2

[Event "interzonal (w)"]
[Site "Jakarta INA"]
[Date "1993.??.??"]
[Round "6"]
[White "Matveeva, Svetlana"]
[Black "Thipsay, Bagyashree Sathe"]
[Result "1-0"]
[WhiteElo "2395"]
[BlackElo "2175"]
[EventDate "1993.07.??"]
[PlyCount "89"]

1.d4 f5 2.c4 e6 3.Nf3 Nf6 4.g3 c6 5.Bg2 d5 6.O-O Bd6 7.Qc2 O-O 8.Nc3 Ne4 
9.Rb1 Qe7 10.b4 Nd7 11.b5 Nxc3 12.Qxc3 cxb5 13.cxd5 exd5 14.Rxb5 Nb6 15.
Ne5 Be6 16.f4 Rfc8 17.Qd3 Qc7 18.Ba3 Bxe5 19.dxe5 Qc3 20.Rc1 Qxd3 21.exd3 
Rxc1+ 22.Bxc1 Rc8 23.Be3 Rc6 24.Ra5 a6 25.Bxb6 Rxb6 26.Bxd5 Kf7 27.a3 Ke7 
28.Rc5 Kd7 29.a4 Bxd5 30.Rxd5+ Ke6 31.Rd4 Rb2 32.h4 g6 33.Kf1 Ke7 34.Rc4 
Kd7 35.Rd4+ Ke7 36.Rd6 Rb4 37.a5 Rb5 38.Rb6 Rxa5 39.Rxb7+ Ke6 40.Rb6+ Ke7 
41.Ke2 Ra2+ 42.Ke3 Ra4 43.Rb7+ Ke6 44.Rxh7 Rb4 45.Rg7 1-0

[Event "interzonal (w)"]
[Site "Jakarta INA"]
[Date "1993.??.??"]
[Round "6"]
[White "Safranska, Anda"]
[Black "Tverskaya, Julia"]
[Result "1-0"]
[WhiteElo "2290"]
[BlackElo "2090"]
[EventDate "1993.07.??"]
[PlyCount "109"]

1.e4 c5 2.Nc3 Nc6 3.f4 g6 4.Nf3 Bg7 5.Bc4 e6 6.O-O Nge7 7.d3 O-O 8.Bb3 d6 
9.Qe1 a6 10.a4 Bd7 11.Qh4 Nd4 12.Nxd4 cxd4 13.Ne2 Nc6 14.Qf2 Rc8 15.Bd2 a5
16.Ng3 Qh4 17.c3 Rc7 18.Rac1 Rfc8 19.Bc4 b6 20.Bb5 f5 21.cxd4 Bxd4 22.Be3 
Qf6 23.Ba6 Bxe3 24.Qxe3 Rb8 25.Rc3 Ra7 26.Bb5 Qd4 27.Kf2 Qxe3+ 28.Kxe3 Nb4
29.Bxd7 Rxd7 30.Rfc1 Kf7 31.Rc8 Rxc8 32.Rxc8 d5 33.e5 d4+ 34.Kd2 Nd5 35.
Ne2 Ne3 36.Rc6 Nxg2 37.Rxb6 g5 38.fxg5 f4 39.b4 f3 40.Ng3 axb4 41.Rxb4 Kg6
42.Rb6 Ra7 43.Rxe6+ Kxg5 44.Rf6 Nh4 45.Ne4+ Kg4 46.e6 Ng6 47.Nf2+ Kg5 48.
Rxf3 Rxa4 49.Ne4+ Kh6 50.Rf7 Ra2+ 51.Kd1 Ra1+ 52.Kc2 Ra5 53.e7 Re5 54.Nf6 
Nxe7 55.Ng4+ 1-0

[Event "interzonal (w)"]
[Site "Jakarta INA"]
[Date "1993.??.??"]
[Round "6"]
[White "Shumiakina, Tatiana"]
[Black "Maric, Alisa"]
[Result "0-1"]
[WhiteElo "2320"]
[BlackElo "2405"]
[EventDate "1993.07.??"]
[PlyCount "102"]

1.c4 Nf6 2.Nf3 e6 3.g3 b6 4.Bg2 Bb7 5.O-O Be7 6.Nc3 O-O 7.d4 Na6 8.Bf4 d6 
9.Re1 c5 10.d5 exd5 11.cxd5 Nc7 12.e4 b5 13.Nh4 b4 14.Na4 Re8 15.Nf5 Bf8 
16.Nxd6 Bxd6 17.e5 Ncxd5 18.exd6 Rxe1+ 19.Qxe1 Nxf4 20.Bxb7 Rb8 21.gxf4 
Rxb7 22.Nxc5 Rb5 23.Ne4 Rd5 24.Rd1 Qd7 25.Nxf6+ gxf6 26.Rxd5 Qg4+ 27.Kf1 
Qh3+ 28.Ke2 Qe6+ 29.Re5 fxe5 30.Qxb4 exf4+ 31.Kf3 Qh3+ 32.Ke4 Qg2+ 33.f3 
Qe2+ 34.Kxf4 Qxh2+ 35.Ke3 Qe5+ 36.Kd3 Qd5+ 37.Kc2 Qf5+ 38.Kb3 Qxf3+ 39.Kc4
Qe4+ 40.Kb5 Qxb4+ 41.Kxb4 Kf8 42.Kb5 Ke8 43.Kc6 Kd8 44.b4 h5 45.b5 h4 46.
Kb7 h3 47.Kxa7 h2 48.b6 h1=Q 49.b7 Qg1+ 50.Ka6 Qf1+ 51.Kb6 Qf2+ 0-1

[Event "interzonal (w)"]
[Site "Jakarta INA"]
[Date "1993.??.??"]
[Round "6"]
[White "Sofieva, Ainur"]
[Black "Peng Zhaoqin"]
[Result "0-1"]
[WhiteElo "2390"]
[BlackElo "2335"]
[EventDate "1993.07.??"]
[PlyCount "60"]

1.f4 d5 2.Nf3 c5 3.g3 Nc6 4.Bg2 Nf6 5.O-O g6 6.d3 Bg7 7.Nc3 d4 8.Ne4 Nd7 
9.a3 O-O 10.Qe1 a5 11.g4 Nf6 12.h3 Nd5 13.Nxc5 Ne3 14.Bxe3 dxe3 15.c3 Qd6 
16.d4 Qxf4 17.Ne5 Qh6 18.Nxc6 bxc6 19.Qg3 e5 20.dxe5 Qg5 21.Bxc6 Bxe5 22.
Qf3 Rb8 23.b4 h5 24.Bd7 hxg4 25.Qg2 Bxc3 26.Ne4 Qh4 27.Rad1 gxh3 28.Qf3 
Bb7 29.Qf4 h2+ 30.Kh1 Bxe4+ 0-1

[Event "interzonal (w)"]
[Site "Jakarta INA"]
[Date "1993.??.??"]
[Round "6"]
[White "Starr, Nava"]
[Black "Marinello, Beatriz"]
[Result "1/2-1/2"]
[WhiteElo "2210"]
[BlackElo "2160"]
[EventDate "1993.07.??"]
[PlyCount "80"]

1.e4 e6 2.b3 d5 3.Bb2 dxe4 4.Nc3 Nf6 5.Qe2 Nbd7 6.Nxe4 Be7 7.Nf3 b6 8.
O-O-O Bb7 9.Nxf6+ Bxf6 10.d4 O-O 11.Ne5 Qe7 12.f4 Rfd8 13.Qg4 Nf8 14.Bc4 
Bxe5 15.dxe5 Rxd1+ 16.Rxd1 Rd8 17.Bd3 Ng6 18.g3 Qe8 19.Qg5 Bf3 20.f5 exf5 
21.Re1 Be4 22.Bxe4 fxe4 23.Rxe4 h6 24.Qe3 Qe6 25.h4 c5 26.Bc3 Rd7 27.Qe2 
Rd5 28.h5 Ne7 29.g4 Nc6 30.Qe3 Kh7 31.a4 Nd8 32.Kb2 Rd7 33.g5 hxg5 34.Qxg5
Rd1 35.Rg4 Qh6 36.a5 Qxg5 37.Rxg5 b5 38.b4 cxb4 39.Bxb4 Ne6 40.Rf5 Kg8 
1/2-1/2

[Event "interzonal (w)"]
[Site "Jakarta INA"]
[Date "1993.??.??"]
[Round "7"]
[White "Amura, Claudia"]
[Black "Safranska, Anda"]
[Result "1/2-1/2"]
[WhiteElo "2365"]
[BlackElo "2290"]
[EventDate "1993.07.??"]
[PlyCount "94"]

1.d4 Nf6 2.c4 g6 3.Nc3 Bg7 4.e4 d6 5.Be2 O-O 6.Bg5 Nbd7 7.f4 c5 8.e5 cxd4 
9.Qxd4 Ne8 10.Nf3 f6 11.exf6 Nexf6 12.h3 Nc5 13.Qe3 Qb6 14.O-O Qxb2 15.Nb5
Bd7 16.Nfd4 Nfe4 17.Bf3 Bxb5 18.Nxb5 Nxg5 19.fxg5 Be5 20.Kh1 Qc2 21.Bd5+ 
Kg7 22.Nd4 Qb2 23.Nb3 Nxb3 24.axb3 Rxf1+ 25.Rxf1 Rf8 26.Qe1 Qxb3 27.Rxf8 
Kxf8 28.Qf2+ Ke8 29.Qxa7 Qd1+ 30.Qg1 Qd2 31.Bxb7 Qxg5 32.Bc6+ Kf8 33.Qf1+ 
Kg7 34.Bd5 Bf4 35.Qe1 e5 36.Qf2 Kh6 37.Be6 Qe7 38.Bd5 Kg7 39.g3 Bg5 40.h4 
Bf6 41.Qb6 h5 42.Qb7 Qxb7 43.Bxb7 Kh6 44.Kg2 g5 45.hxg5+ Kxg5 46.Kf3 Bd8 
47.Be4 Ba5 1/2-1/2

[Event "interzonal (w)"]
[Site "Jakarta INA"]
[Date "1993.??.??"]
[Round "7"]
[White "Arakhamia, Ketevan"]
[Black "Matveeva, Svetlana"]
[Result "1-0"]
[WhiteElo "2440"]
[BlackElo "2395"]
[EventDate "1993.07.??"]
[PlyCount "107"]

1.e4 c5 2.Nf3 d6 3.d4 cxd4 4.Nxd4 Nf6 5.Nc3 g6 6.Be3 Bg7 7.f3 Nc6 8.Qd2 
O-O 9.O-O-O Nxd4 10.Bxd4 Be6 11.Kb1 Rc8 12.h4 h5 13.Be2 a6 14.g4 Qa5 15.
Nd5 Qxd2 16.Nxe7+ Kh7 17.Rxd2 Rce8 18.g5 Nxe4 19.fxe4 Rxe7 20.Bxg7 Kxg7 
21.Rxd6 Bg4 22.Bd3 Bf3 23.Re1 Rfe8 24.Rd4 Bg4 25.Kc1 Re5 26.Rf1 Be6 27.a4 
Rc8 28.Kd2 Rec5 29.b3 Kf8 30.Rb4 R8c7 31.Rb6 Ke7 32.Rf6 R5c6 33.Rxc6 Rxc6 
34.Ke3 Rd6 35.a5 Rd7 36.b4 Rd8 37.Rf2 Rd7 38.Rd2 Rd8 39.Rf2 Rd7 40.Rd2 Rd8
41.c4 Rc8 42.Kd4 Rd8+ 43.Kc3 Rc8 44.e5 Rc7 45.Bf1 Bd7 46.Rd6 Be6 47.Kd4 
Ke8 48.c5 Bd7 49.Bc4 Ke7 50.Rf6 Be8 51.Bd5 Kd8 52.Rd6+ Kc8 53.e6 Re7 54.
Ke5 1-0

[Event "interzonal (w)"]
[Site "Jakarta INA"]
[Date "1993.??.??"]
[Round "7"]
[White "Cramling, Pia"]
[Black "Peng Zhaoqin"]
[Result "0-1"]
[WhiteElo "2525"]
[BlackElo "2335"]
[EventDate "1993.07.??"]
[PlyCount "130"]

1.d4 d5 2.Nf3 c6 3.Bg5 Bf5 4.e3 h6 5.Bh4 Qb6 6.Qc1 e6 7.Be2 Nd7 8.O-O Ngf6
9.c4 Be7 10.Nc3 O-O 11.h3 Qd8 12.Bg3 Ne4 13.Nxe4 Bxe4 14.Nd2 Bg6 15.c5 Bf6
16.b4 e5 17.Nb3 Re8 18.Re1 Bf5 19.Qc3 exd4 20.exd4 Nf8 21.b5 Qd7 22.bxc6 
bxc6 23.Be5 Bxe5 24.dxe5 Ng6 25.g4 Be6 26.Qd4 Qe7 27.f4 Qh4 28.Kh2 Bc8 29.
Nd2 a5 30.Nf3 Qe7 31.Bd3 Nh4 32.Nd2 Ba6 33.Bxa6 Rxa6 34.Rab1 a4 35.Kg3 Ra5
36.Rec1 g5 37.f5 Qxe5+ 38.Qxe5 Rxe5 39.Kf2 a3 40.Rb4 Ra8 41.Nf1 Rae8 42.
Rc2 h5 43.Ra4 hxg4 44.hxg4 Re4 45.Rxe4 Rxe4 46.Kg3 Kg7 47.Rc3 Ra4 48.Nd2 
Kf6 49.Re3 Rd4 50.Nb3 Rc4 51.Rd3 Rc2 52.Nd4 Rxc5 53.Rxa3 Ke5 54.Ne2 d4 55.
Rd3 Rc4 56.Kf2 c5 57.Rd2 Ra4 58.Nc1 c4 59.Re2+ Kf4 60.Re7 d3 61.Rxf7 Kxg4 
62.Ke3 Nxf5+ 63.Kd2 Ng3 64.Re7 Nf1+ 65.Kd1 Ng3 0-1

[Event "interzonal (w)"]
[Site "Jakarta INA"]
[Date "1993.??.??"]
[Round "7"]
[White "Demina, Yulia"]
[Black "Kulish, Irina"]
[Result "0-1"]
[WhiteElo "2365"]
[BlackElo "2225"]
[EventDate "1993.07.??"]
[PlyCount "98"]

1.Nf3 Nf6 2.c4 e6 3.g3 d5 4.Bg2 c6 5.Qc2 Nbd7 6.d4 Bb4+ 7.Nbd2 O-O 8.O-O 
b6 9.e4 Bb7 10.Rd1 Rc8 11.e5 Ne8 12.a3 Be7 13.b4 c5 14.dxc5 bxc5 15.b5 Qc7
16.Re1 g6 17.Nf1 Ng7 18.Bf4 Qa5 19.a4 Nf5 20.N1d2 Rfe8 21.g4 Nd4 22.Qd3 
Nxf3+ 23.Bxf3 Nb6 24.Qc2 Ba8 25.Be2 Nxc4 26.Nxc4 dxc4 27.Bd2 Qc7 28.Bc3 
Qb7 29.f3 Bg5 30.Red1 Be3+ 31.Kg2 Red8 32.Ra3 Bd4 33.Ba5 Rd5 34.Qxc4 Bxe5 
35.Bc3 Bd4 36.a5 Rcd8 37.a6 Qe7 38.Ba5 Rc8 39.Be1 e5 40.Bd3 Rd7 41.Be4 
Bxe4 42.fxe4 Qg5 43.h3 Qf4 44.Qe2 c4 45.Bf2 c3 46.Rf1 c2 47.Bxd4 c1=Q 48.
Rxf4 Rxd4 49.b6 axb6 0-1

[Event "interzonal (w)"]
[Site "Jakarta INA"]
[Date "1993.??.??"]
[Round "7"]
[White "Gurieli, Nino"]
[Black "Sofieva, Ainur"]
[Result "1-0"]
[WhiteElo "2355"]
[BlackElo "2390"]
[EventDate "1993.07.??"]
[PlyCount "51"]

1.d4 f5 2.g3 Nf6 3.Bg2 g6 4.Nh3 Bg7 5.Nf4 d6 6.Nc3 c6 7.d5 e6 8.dxe6 d5 9.
h4 Na6 10.h5 g5 11.h6 Bf8 12.Nh3 g4 13.Ng5 Qe7 14.Bf4 Bxe6 15.Qd4 Rg8 16.
O-O-O Nc5 17.Nxe6 Qxe6 18.f3 Rg6 19.e4 dxe4 20.fxe4 fxe4 21.b4 Na6 22.Nxe4
Bxb4 23.Nxf6+ Rxf6 24.Rh5 Be7 25.Re5 Qxa2 26.Qd7+ 1-0

[Event "interzonal (w)"]
[Site "Jakarta INA"]
[Date "1993.??.??"]
[Round "7"]
[White "Khurtsidze, Nino"]
[Black "Shumiakina, Tatiana"]
[Result "1-0"]
[WhiteElo "2325"]
[BlackElo "2320"]
[EventDate "1993.07.??"]
[PlyCount "89"]

1.d4 Nf6 2.c4 c5 3.Nf3 cxd4 4.Nxd4 e5 5.Nc2 Bc5 6.Nc3 O-O 7.Be3 Be7 8.g3 
Qc7 9.Qd3 b5 10.Nd5 Nxd5 11.cxd5 d6 12.Bg2 a5 13.Rc1 Qb7 14.Na3 Bd7 15.O-O
Na6 16.Rc6 Nb4 17.Qxb5 Qxb5 18.Nxb5 Nxc6 19.dxc6 Be6 20.c7 d5 21.Rc1 e4 
22.Ba7 Bd7 23.a4 Rfc8 24.Bd4 f5 25.e3 Ra6 26.Na7 Rxa7 27.Bxa7 Kf7 28.Bf1 
Bd6 29.Bb8 Bxa4 30.Ba6 Rxb8 31.cxb8=Q Bxb8 32.Rc5 Ke6 33.Bc8+ Kd6 34.Rxa5 
Bc6 35.Bxf5 h6 36.b4 Kc7 37.Be6 Kd6 38.Ra6 Kc7 39.Bg8 Kb7 40.Ra5 Bc7 41.
Bxd5 Bxa5 42.Bxc6+ Kxc6 43.bxa5 g5 44.f4 exf3 45.e4 1-0

[Event "interzonal (w)"]
[Site "Jakarta INA"]
[Date "1993.??.??"]
[Round "7"]
[White "Lelchuk, Zoya"]
[Black "Johansson, Viktoria"]
[Result "1-0"]
[WhiteElo "2340"]
[BlackElo "2155"]
[EventDate "1993.07.??"]
[PlyCount "103"]

1.d4 Nf6 2.Nf3 g6 3.Bf4 Bg7 4.e3 O-O 5.h3 d6 6.Nbd2 Nbd7 7.c3 Qe8 8.Bh2 e5
9.Qc2 Qe7 10.dxe5 Nxe5 11.Nxe5 dxe5 12.Be2 Bf5 13.e4 Bd7 14.O-O Rad8 15.
Rfd1 Bc6 16.Bf3 b6 17.b4 h6 18.a4 Nh7 19.Be2 Ng5 20.Bb5 Bb7 21.Bg3 Rd6 22.
f3 Rfd8 23.Nf1 Ne6 24.Rxd6 Rxd6 25.Bc4 Nf4 26.a5 Rd8 27.axb6 axb6 28.Ra7 
Bc8 29.Ne3 Be6 30.Bxe6 Nxe6 31.Nd5 Qg5 32.Kh2 Rc8 33.Qa4 Qd8 34.Qc6 h5 35.
b5 h4 36.Bf2 Bh6 37.Bxb6 Bf4+ 38.Kh1 Kg7 39.Bg1 Bg3 40.b6 Qg5 41.b7 Rb8 
42.Nxc7 Nd8 43.Ne8+ Kh6 44.Qd6 Ne6 45.Qxb8 Qd2 46.Nd6 Kg7 47.Qh8+ Kxh8 48.
b8=Q+ Kg7 49.Rxf7+ Kh6 50.Qh8+ Kg5 51.Qf6+ Kh6 52.Nf5+ 1-0

[Event "interzonal (w)"]
[Site "Jakarta INA"]
[Date "1993.??.??"]
[Round "7"]
[White "Lumongdong, Lisa Karlina"]
[Black "Wijayanti, Lindri Juni"]
[Result "1/2-1/2"]
[WhiteElo "2080"]
[BlackElo "2185"]
[EventDate "1993.07.??"]
[PlyCount "44"]

1.e4 d5 2.exd5 Nf6 3.d4 Nxd5 4.Nf3 g6 5.Be2 Bg7 6.O-O c6 7.Na3 Nb6 8.Bg5 
O-O 9.Nc4 Be6 10.Nxb6 axb6 11.Qd2 Nd7 12.a3 Nf6 13.Bh6 Bg4 14.Bxg7 Kxg7 
15.Rfe1 Bxf3 16.Bxf3 Qd6 17.Qb4 Qxb4 18.axb4 e6 19.Kf1 b5 20.Ra5 Rad8 21.
c3 Rd7 22.Rea1 Rfd8 1/2-1/2

[Event "interzonal (w)"]
[Site "Jakarta INA"]
[Date "1993.??.??"]
[Round "7"]
[White "Maric, Mirjana"]
[Black "Foisor, Cristina"]
[Result "1/2-1/2"]
[WhiteElo "2305"]
[BlackElo "2360"]
[EventDate "1993.07.??"]
[PlyCount "41"]

1.e4 e5 2.Nf3 Nc6 3.Bc4 Bc5 4.O-O Nf6 5.d3 d6 6.c3 a6 7.Bb3 Ba7 8.Be3 h6 
9.Nbd2 Na5 10.Bc2 c5 11.h3 Nc6 12.Re1 O-O 13.Nf1 Ne7 14.d4 cxd4 15.cxd4 
Be6 16.dxe5 dxe5 17.Bxa7 Rxa7 18.Qxd8 Rxd8 19.Rad1 Rxd1 20.Rxd1 Ng6 21.
Rd8+ 1/2-1/2

[Event "interzonal (w)"]
[Site "Jakarta INA"]
[Date "1993.??.??"]
[Round "7"]
[White "Marinello, Beatriz"]
[Black "Holoubkova, Martina"]
[Result "0-1"]
[WhiteElo "2160"]
[BlackElo "2235"]
[EventDate "1993.07.??"]
[PlyCount "102"]

1.e4 e5 2.Nf3 Nc6 3.d4 exd4 4.c3 d3 5.c4 d6 6.Bxd3 Nf6 7.Nc3 Be7 8.O-O O-O
9.b3 Ne5 10.Nd4 Re8 11.Bb2 Bf8 12.Bc2 c6 13.Qd2 Qb6 14.Na4 Qc7 15.f4 Ng6 
16.Rae1 a6 17.Bc3 Nd7 18.Nf5 b5 19.Nb2 Nc5 20.Ng3 Bd7 21.Kh1 f6 22.b4 Nb7 
23.Bb3 Kh8 24.Rc1 Red8 25.Qe3 Be8 26.e5 dxe5 27.fxe5 fxe5 28.cxb5 axb5 29.
Rxf8+ Nxf8 30.Bxe5 Qd7 31.Rd1 Qg4 32.Rf1 Nd7 33.Be6 Qg6 34.Bf5 Qf7 35.Qh6 
Qg8 36.Bxd7 Rxd7 37.Nf5 Bg6 38.Nh4 Be4 39.Qf4 Bc2 40.Rc1 Rf8 41.Qe3 Qd5 
42.h3 Qd2 43.Qxd2 Rxd2 44.Nf3 Re2 45.Nd4 Rxe5 46.Rxc2 c5 47.bxc5 Rxc5 48.
Re2 Rd5 49.Nf3 Kg8 50.Re4 Ra8 51.a4 Nc5 0-1

[Event "interzonal (w)"]
[Site "Jakarta INA"]
[Date "1993.??.??"]
[Round "7"]
[White "Sulistya, Maria Lucia Ratna"]
[Black "Starr, Nava"]
[Result "1/2-1/2"]
[WhiteElo "2190"]
[BlackElo "2210"]
[EventDate "1993.07.??"]
[PlyCount "102"]

1.e4 e5 2.Nf3 Nf6 3.d4 Nxe4 4.Bd3 d5 5.Nxe5 Nd7 6.Nxd7 Bxd7 7.O-O Qh4 8.c4
O-O-O 9.c5 g6 10.Nc3 Bg7 11.g3 Qf6 12.Be3 Ng5 13.f4 Nh3+ 14.Kg2 h5 15.f5 
Qe7 16.Qd2 Rde8 17.Rae1 gxf5 18.Bf2 Qg5 19.Be3 f4 20.Bxf4 Nxf4+ 21.Qxf4 
Qxf4 22.Rxe8+ Rxe8 23.Rxf4 Be6 24.Be2 Rh8 25.Rh4 Bf6 26.Rxh5 Rxh5 27.Bxh5 
Bxd4 28.Bf3 c6 29.g4 Bxc5 30.g5 Be7 31.h4 d4 32.Ne2 d3 33.Nf4 Bf5 34.Kf2 
Bc5+ 35.Ke1 Bd6 36.Ng2 Bb4+ 37.Kd1 c5 38.Ne3 Be6 39.Nd5 Ba5 40.h5 Bxd5 41.
Bxd5 Bd8 42.g6 fxg6 43.hxg6 Bf6 44.b3 Bc3 45.Bc4 d2 46.Kc2 a6 47.Be2 Bg7 
48.Kxd2 Kc7 49.Kd3 b5 50.Bf3 Bf6 51.Ke4 Kd6 1/2-1/2